000 00858nam a2200205Ii 4500
003 JO-AjNU
008 230605s9999||||xx |||||||||||||| ||und||
017 _a2018/7/3279
040 _aJO-AjNU
_bara
_erda
_cJO-AjNU
041 _aara
050 1 4 _aHF5549.5.H3552 2019
100 3 _aتأليف بني حمدان، خالد محمد، م.مشارك احلام ابراهيم العيثاوي,
_eauthor
_959635
245 0 0 _aادارة الموارد البشرية الحديثة-نظريا وتطبيقيا-
264 3 1 _aعمان: المؤلف، 2019
300 _a419ص
_b ويحتوي على قائمة مراجع وقائمة محتويات من ص395-ص419
336 _atext
_btxt
_2rdacontent
337 _aunmediated
_bn
_2rdamedia
338 _avolume
_bnc
_2rdacarrier
650 4 _aالموارد البشرية-ادارة الافراد
_959636
999 _aA26846
_c30414
_d30414